<?xml version="1.0" encoding="UTF-8"?>
<record
    xmlns:xsi="http://www.w3.org/2001/XMLSchema-instance"
    xsi:schemaLocation="http://www.loc.gov/MARC21/slim http://www.loc.gov/standards/marcxml/schema/MARC21slim.xsd"
    xmlns="http://www.loc.gov/MARC21/slim">

  <leader>02806cam a2200373 i 4500</leader>
  <controlfield tag="001">21131141</controlfield>
  <controlfield tag="003">OSt</controlfield>
  <controlfield tag="005">20230819110200.0</controlfield>
  <controlfield tag="008">190813s2021    maua          001 0 eng d</controlfield>
  <datafield tag="010" ind1=" " ind2=" ">
    <subfield code="a">  2019948095</subfield>
  </datafield>
  <datafield tag="015" ind1=" " ind2=" ">
    <subfield code="a">GBC011599</subfield>
    <subfield code="2">bnb</subfield>
  </datafield>
  <datafield tag="016" ind1="7" ind2=" ">
    <subfield code="a">019688928</subfield>
    <subfield code="2">Uk</subfield>
  </datafield>
  <datafield tag="020" ind1=" " ind2=" ">
    <subfield code="a">9789355737830</subfield>
  </datafield>
  <datafield tag="035" ind1=" " ind2=" ">
    <subfield code="a">(OCoLC)on1140148641</subfield>
  </datafield>
  <datafield tag="040" ind1=" " ind2=" ">
    <subfield code="a">UKMGB</subfield>
    <subfield code="b">eng</subfield>
    <subfield code="c">UKMGB</subfield>
    <subfield code="e">rda</subfield>
    <subfield code="d">OCLCO</subfield>
    <subfield code="d">OCLCF</subfield>
    <subfield code="d">YDX</subfield>
    <subfield code="d">UKMGB</subfield>
    <subfield code="d">SISMU</subfield>
    <subfield code="d">DLC</subfield>
  </datafield>
  <datafield tag="042" ind1=" " ind2=" ">
    <subfield code="a">lccopycat</subfield>
  </datafield>
  <datafield tag="050" ind1="0" ind2="0">
    <subfield code="a">HG173</subfield>
    <subfield code="b">.M26 2021</subfield>
  </datafield>
  <datafield tag="082" ind1="0" ind2="4">
    <subfield code="a">332</subfield>
    <subfield code="b">MAD/F</subfield>
  </datafield>
  <datafield tag="100" ind1=" " ind2=" ">
    <subfield code="a">Madura, Jeff </subfield>
    <subfield code="e">author.</subfield>
    <subfield code="9">1422</subfield>
  </datafield>
  <datafield tag="245" ind1="1" ind2="0">
    <subfield code="a">Financial markets and institutions /</subfield>
    <subfield code="c">Jeff Madura, Florida Atlantic University.</subfield>
  </datafield>
  <datafield tag="246" ind1="1" ind2="4">
    <subfield code="a">Financial markets &amp; institutions</subfield>
  </datafield>
  <datafield tag="250" ind1=" " ind2=" ">
    <subfield code="a">13th edition.</subfield>
  </datafield>
  <datafield tag="264" ind1=" " ind2="1">
    <subfield code="a">Boston, MA :</subfield>
    <subfield code="b">Cengage,</subfield>
    <subfield code="c">[2021]</subfield>
  </datafield>
  <datafield tag="300" ind1=" " ind2=" ">
    <subfield code="a">xxix, 717 pages :</subfield>
    <subfield code="b">illustrations ;</subfield>
    <subfield code="c">26 cm</subfield>
  </datafield>
  <datafield tag="500" ind1=" " ind2=" ">
    <subfield code="a">Includes index.</subfield>
  </datafield>
  <datafield tag="504" ind1=" " ind2=" ">
    <subfield code="a">Includes bibliographical references and index.</subfield>
  </datafield>
  <datafield tag="505" ind1="0" ind2=" ">
    <subfield code="a">Part 1. Overview of the financial environment : 1. Role of financial markets and institutions ; 2. Determination of interest rates ; 3. Structure of interest rates -- Part 2. The Fed and monetary policy : 4. Functions of the Fed ; 5. Monetary policy -- Part 3: Debt security markets : 6. Money markets ; 7. Bond markets ; 8. Bond valuation and risk ; 9. Mortgage markets -- Part 4. Equity markets : 10. Stock offerings and investor monitoring ; 11. Stock valuation and risk ; 12. Market microstructure and strategies -- Part 5. Derivative security markets : 13. Financial futures markets ; 14. Options markets ; 15. Swap markets ; 16. Foreign exchange derivative markets -- Part 6. Commercial banking : 17. Commercial bank operations ; 18. Bank regulation ; 19. Bank management ; 20. Bank performance -- Part 7. Nonbank Operations : 21. Thrift operations ; 22. Finance company operations ; 23. Mutual fund operations ; 24. Securities operations ; 25. Insurance operations ; 26. Pension fund operations.</subfield>
  </datafield>
  <datafield tag="520" ind1=" " ind2=" ">
    <subfield code="a">"This book demonstrates how today's financial institutions are integrated within financial markets. It explores the functions of the Federal Reserve System and its recent changes, major debt and equity security markets, and derivative security markets. The expanded coverage now discusses stock valuation, market microstructure strategies, and liquidity in today's financial markets. In addition, its new content introduces popular sources of funding, such as crowdfunding and students may study the management, performance, and regulatory environment of each type of financial institution" -- Publisher's website.</subfield>
  </datafield>
  <datafield tag="650" ind1=" " ind2="0">
    <subfield code="a">Financial institutions.</subfield>
  </datafield>
  <datafield tag="650" ind1=" " ind2="0">
    <subfield code="a">Capital market.</subfield>
  </datafield>
  <datafield tag="650" ind1=" " ind2="0">
    <subfield code="a">Money market.</subfield>
  </datafield>
  <datafield tag="650" ind1=" " ind2="7">
    <subfield code="a">Financial institutions.</subfield>
    <subfield code="2">fast</subfield>
    <subfield code="0">(OCoLC)fst00924636</subfield>
  </datafield>
  <datafield tag="942" ind1=" " ind2=" ">
    <subfield code="2">ddc</subfield>
    <subfield code="c">BK</subfield>
    <subfield code="h">332</subfield>
    <subfield code="i">MAD/F</subfield>
    <subfield code="k">332</subfield>
    <subfield code="m">MAD/F</subfield>
  </datafield>
  <datafield tag="952" ind1=" " ind2=" ">
    <subfield code="0">0</subfield>
    <subfield code="1">0</subfield>
    <subfield code="2">ddc</subfield>
    <subfield code="4">0</subfield>
    <subfield code="7">0</subfield>
    <subfield code="8">FINANCIAL ECONOMICS</subfield>
    <subfield code="a">MES</subfield>
    <subfield code="b">MES</subfield>
    <subfield code="c">ECO </subfield>
    <subfield code="d">2023-08-19</subfield>
    <subfield code="l">0</subfield>
    <subfield code="o">332 MAD/F</subfield>
    <subfield code="p">42101</subfield>
    <subfield code="r">2023-08-19 11:02:57</subfield>
    <subfield code="v">1099.00</subfield>
    <subfield code="w">2023-08-19</subfield>
    <subfield code="y">BK</subfield>
    <subfield code="z">GL4R3</subfield>
  </datafield>
  <datafield tag="999" ind1=" " ind2=" ">
    <subfield code="c">41912</subfield>
    <subfield code="d">41912</subfield>
  </datafield>
</record>
